| 000 | 00456nam a22001697a 4500 | ||
|---|---|---|---|
| 005 | 20160502170232.0 | ||
| 008 | 160502b xxu||||| |||| 00| 0 eng d | ||
| 020 | _a81-7036-129-3 | ||
| 041 | _aeng | ||
| 082 | _b1103 | ||
| 100 |
_aKapila Raj Kapila Uma. _9284 |
||
| 245 | _aIndias Economy in the 21st century A collection of select articles | ||
| 260 |
_aNew Delhi _bAcademic Faundation _c2002 |
||
| 300 | _a439 | ||
| 650 |
_aManagement _9241 |
||
| 942 | _cBK | ||
| 999 |
_c418 _d418 |
||